| 000 | 02442nam0a2200385 4500 | ||
|---|---|---|---|
| 001 | RU\NLR\bibl\76252 | ||
| 005 | 20260407053705.0 | ||
| 021 |
_aRU _b1998-44913 _92152 |
||
| 035 | _a(NLR Aleph) 000074427 | ||
| 090 |
_a411916 _c411916 |
||
| 100 | _a20000322d1998 |||y0rusy50 ca | ||
| 101 | 0 |
_arus _aeng |
|
| 102 | _aRU | ||
| 105 | _aa ||||||||| | ||
| 200 | 1 |
_aМатериалы Седьмой международной конференции "Системы безопасности" - СБ-98 Международного форума информатизации, 28 окт. 1998, Москва _dProceedings of the Seventh International Conference "Safety systems" - SS-98 of International Informatization Forum, оctober 28 1998, Moscow _zeng |
|
| 210 |
_aМ. _cИзд-во Моск. ин-та пожар. безопасности _d1998 |
||
| 215 |
_a243 с. _cил. _d20 |
||
| 300 | _aВ надзаг.: Междунар. акад. информатизации, М-во науки и технологий РФ, Ин-т машиноведения Рос. акад. наук и др. | ||
| 300 | _aТекста на рус. и англ. яз. | ||
| 320 | _aБиблиогр. в конце докл. | ||
| 510 | 1 |
_6z01791 _aProceedings of the Seventh International Conference "Safety systems" - SS-98 of International Informatization Forum October 28 1998, Moscow _zeng |
|
| 606 | 0 |
_aПожарная сигнализация автоматическая _jСъезды, совещания и т.п. _9965143 _3RU\NLR\auth\66361116 |
|
| 606 | 0 |
_aПожарная сигнализация автоматическая _jТезисы докладов _9965143 _3RU\NLR\auth\66361116 |
|
| 606 | 0 |
_aСигнализация охранная _jСъезды, совещания и т.п. _91837601 _3RU\NLR\auth\66831524 |
|
| 606 | 0 |
_aОхранная сигнализация _jТезисы докладов _92226695 _3RU\NLR\auth\661336699 |
|
| 686 | _aН960.2-571-05я431 | ||
| 686 | _aЗ885.24я431 | ||
| 710 | 1 | 2 |
_a"Системы безопасности", международная конференция _d7 _f1998 _eМосква _3RU\NLR\AUTH\8810023719 _9545464 |
| 791 | 1 | 2 |
_a"Safety systems", international conference _d7 _f1998 _eMoscow _3RU\NLR\auth\8810023720 _9545466 |
| 801 | 0 |
_aRU _bNLR _c20000322 _gPSBO |
|
| 801 | 1 |
_aRU _bNLR _c20000322 |
|
| 852 |
_aNLR _j99-3/20773 |
||
| 942 | _cBOOK | ||
| 980 | _aNB | ||